000 00773nam a22002417a 4500
003 UA-OsUOA
001 42057
007 ta
008 20081117b un ||||| |||| 00| 0 ukr d
100 _aКондра Петро
700 _aМіненко Тимофій
090 _a94(477).152 (К)
_bК64
942 _cBR
040 _aUA-OsUOA
_bukr
_cUA-OsUOA
_dUA-OsUOA
245 _aРозбудова української громади в Канаді. Співпраця українських організацій і церкви в Канаді
300 _a44 с.
955 _a4
041 _aukr
080 _a94(477).152 (К)
260 _aВінніпег
_c1985
650 7 _a9 Географія. Біографії. Історія
_2UDC
999 _c440556
_d440556